000 00677nam a22002531 4500
001 35764
003 BD-RjUL
005 20211209052356.0
008 140608s1961 nyu 001 0 eng
035 _a(BD-RjUL)35859
040 _aDLC
_cDLC
_dBD-RjUL
_beng
041 _aeng
082 0 0 _a302.35
_bTHM 1961
100 1 _aThompson, Victor Alexander.
_9108943
245 1 0 _aModern organization /
_cVictor Alexander Thompson.
260 _aNew York :
_bKnopf,
_cc1961.
300 _a197 p. ;
_c22 cm.
504 _aIncludes index.
650 0 _aOrganization.
_9108944
650 0 _aBureaucracy.
_9108945
942 _2ddc
_cBK
999 _c35764
_d35764